000 00803cam a22002773a 4500
001 3417
003 PGUSA
005 20140828083031.0
008 020901s2002||||xxu|||||s|||||000 1 eng d
040 _aPGUSA
_beng
042 _adc
050 4 _aPS
100 1 _aSmith, Francis Hopkinson,
_d1838-1915
245 1 4 _aThe Fortunes of Oliver Horn
_h[electronic resource] /
_cFrancis Hopkinson Smith
260 _bProject Gutenberg,
_c2002
506 _aPublic domain in the USA.
516 _aElectronic text
653 _aPainters -- Fiction
653 _aBaltimore (Md.) -- Fiction
653 _aNew York (N.Y.) -- Fiction
653 _aBildungsromans
653 _aYoung men -- Fiction
830 0 _aProject Gutenberg
_v3417
856 4 0 _uhttp://www.gutenberg.org/ebooks/3417
942 _cEB
999 _c232746
_d232746